Score 0/40 Timer 08:00
3 Plays Today
Alternate Title Real Title % Correct
Greetings, Ms. Parton!Hello, Dolly!
87.3%
The Most Populous City in IllinoisChicago
84.1%
Croonin' in the DownpourSingin' in the Rain
81%
Nab Me If You Are AbleCatch Me If You Can
80.6%
Hilarious Young LadyFunny Girl
78.4%
Smooch Me, Duchess of CambridgeKiss Me, Kate
78.1%
Ms. Leibovitz Grab Your RifleAnnie Get Your Gun
76.9%
Entering the ForestInto the Woods
72.9%
The Matrimony MusicianThe Wedding Singer
69.3%
The Financial BackersThe Producers
66.5%
ColossalTitanic
66.3%
Female Sibling DeedSister Act
64.8%
The Way to Get Ahead in the Corporate World With Very Little EffortHow to Succeed in Business Without Really Trying
64.2%
(Number of Deadly Sins) Wives For (Number of Kurosawa's Samurai) Male SiblingsSeven Brides For Seven Brothers
64%
A Single Time Atop a Bed CushionOnce Upon a Mattress
64%
Alabaster YuletideWhite Christmas
60.9%
Metropolis of Heavenly HostsCity of Angels
59.2%
Encounter Yours Truly in a Missouri TownMeet Me in St. Louis
58.1%
The Tiny Water NymphThe Little Mermaid
56.2%
Filthy Decaying ScalawagsDirty Rotten Scoundrels
53%
Alternate Title Real Title % Correct
Pauly D., The Situation, Vinnie, etc.Jersey Boys
50.9%
The Greatest Undersized Brothel in the 28th StateThe Best Little Whorehouse in Texas
50.5%
Adios, Sayonara Little FowlBye, Bye Birdie
47.9%
Mrs. Presley, Monarch of the SaharaPriscilla, Queen of the Desert
45.1%
A Bit of Evening MelodiesA Little Night Music
44.5%
Oaths, OathsPromises, Promises
44%
Sugary PhilanthropySweet Charity
43.3%
Dr. Henry & Mr. EdwardJekyll & Hyde
42.3%
Decorate Your CarriagePaint Your Wagon
41.9%
Upon the CityOn the Town
39.3%
Lofty CivilizationHigh Society
38.9%
Blossom Timpani TuneFlower Drum Song
37.8%
Happily We Spin OnwardMerrily We Roll Along
36.3%
68+42 Out of the Sun110 in the Shade
35.3%
Pleasant Toil Should You Have Access To ItNice Work If You Can Get It
30.1%
The Craggy Terror DisplayThe Rocky Horror Show
29.3%
Old Mumbai FantasiesBombay Dreams
16%
Drab Vegetable PatchesGrey Gardens
14.3%
Fantastic VillageWonderful Town
10.6%
Twilight ThoroughfareSunset Boulevard
10.1%
Remove Ads.
Support Sporcle.
Get the best of Sporcle when you Go Orange. This ad-free experience offers more features, more stats, and more fun while also helping to support Sporcle. Thank you for becoming a member.

You're not logged in!

Compare scores with friends on all Sporcle quizzes.
OR
Log In

Show Comments

Extras

Top Quizzes Today


Score Distribution

Your Account Isn't Verified!

In order to create a playlist on Sporcle, you need to verify the email address you used during registration. Go to your Sporcle Settings to finish the process.

Report this User

Report this user for behavior that violates our Community Guidelines.

Details: